000 00479nam a2200157 a 4500
020 _a2717808949 :
040 _cDLC
082 0 0 _a339 ECO 1985 A010 Or.
100 1 _aAutume, Antoine d'.
245 1 0 _aMonnaie, croissance, et déséquilibre /
260 _aParis :
_bEconomica,
_cc1985.
300 _a264 p. :
_bill. ;
_c24 cm.
500 _aOriginally presented as the author's thesis (doctoral)--Université Paris-II, 1980.
650 0 _aEquilibrium (Economics)
942 _cFB
999 _c13607
_d13607